Public Finance (Record no. 631)

MARC details
000 -LEADER
fixed length control field 00392nam a22001697a 4500
005 - DATE AND TIME OF LATEST TRANSACTION
control field 20180316170225.0
008 - FIXED-LENGTH DATA ELEMENTS--GENERAL INFORMATION
fixed length control field 160512b xxu||||| |||| 00| 0 eng d
020 ## - INTERNATIONAL STANDARD BOOK NUMBER
ISBN 81-259-1536-2
041 ## - LANGUAGE CODE
Language code of text/sound track or separate title eng
082 ## - DEWEY DECIMAL CLASSIFICATION NUMBER
Item number 1568
Classification number 336
100 ## - MAIN ENTRY--AUTHOR NAME
Personal name Bhatia, H.L.
245 ## - TITLE STATEMENT
Title Public Finance
260 ## - PUBLICATION, DISTRIBUTION, ETC. (IMPRINT)
Place of publication NOIDA
Name of publisher VIKAS PUBLISHING HOUSE
300 ## - PHYSICAL DESCRIPTION
Number of Pages 701
650 ## - SUBJECT ADDED ENTRY--TOPICAL TERM
Topical Term Management
942 ## - ADDED ENTRY ELEMENTS (KOHA)
Koha item type Books
Holdings
Lost status Damaged status Collection code Home library Current library Shelving location Date acquired Cost, normal purchase price Full call number Accession Number Koha item type
    MANAGEMENT JRU Library JRU Library SHELF-61-N 12/05/2016 180.00 336 1568 Books
    MANAGEMENT JRU Library JRU Library SHELF-61-M 12/05/2016 180.00 336 1569 Books
    Reference JRU Library   SHELF-30-J 12/05/2016 180.00 336 1570 Books
    MANAGEMENT JRU Library JRU Library SHELF-61-M 12/05/2016 180.00 336 1571 Books
    MANAGEMENT JRU Library JRU Library SHELF-61-M 12/05/2016 180.00 336 1572 Books
    MANAGEMENT JRU Library   SHELF-61-M 12/05/2016 180.00 336 1573 Books